<?xml version="1.0" encoding="UTF-8"?><?xml-stylesheet type="text/xsl" href="static/style.xsl"?><OAI-PMH xmlns="http://www.openarchives.org/OAI/2.0/" xmlns:xsi="http://www.w3.org/2001/XMLSchema-instance" xsi:schemaLocation="http://www.openarchives.org/OAI/2.0/ http://www.openarchives.org/OAI/2.0/OAI-PMH.xsd"><responseDate>2026-06-01T14:40:02Z</responseDate><request verb="GetRecord" identifier="oai:riuma.uma.es:10630/8196" metadataPrefix="marc">https://riuma.uma.es/rest/oai/request</request><GetRecord><record><header><identifier>oai:riuma.uma.es:10630/8196</identifier><datestamp>2026-02-03T12:20:19Z</datestamp><setSpec>com_10630_2254</setSpec><setSpec>col_10630_37959</setSpec></header><metadata><record xmlns="http://www.loc.gov/MARC21/slim" xmlns:dcterms="http://purl.org/dc/terms/" xmlns:doc="http://www.lyncode.com/xoai" xmlns:xsi="http://www.w3.org/2001/XMLSchema-instance" xsi:schemaLocation="http://www.loc.gov/MARC21/slim http://www.loc.gov/standards/marcxml/schema/MARC21slim.xsd">
   <leader>00925njm 22002777a 4500</leader>
   <datafield ind2=" " ind1=" " tag="042">
      <subfield code="a">dc</subfield>
   </datafield>
   <datafield ind2=" " ind1=" " tag="720">
      <subfield code="a">Chicano-García, José-Francisco</subfield>
      <subfield code="e">author</subfield>
   </datafield>
   <datafield ind2=" " ind1=" " tag="720">
      <subfield code="a">Alba-Torres, Enrique</subfield>
      <subfield code="e">author</subfield>
   </datafield>
   <datafield ind2=" " ind1=" " tag="260">
      <subfield code="c">2014-10-07</subfield>
   </datafield>
   <datafield ind2=" " ind1=" " tag="520">
      <subfield code="a">La teoría de landscapes es un marco que permite analizar funciones definidas sobre conjuntos de elementos conectados mediante un operador de vecindario. Esta teoría tiene aplicaciones en diversos dominios de conocimiento, entre los que se encuentra la optimización combinatoria. Este trabajo tiene un doble objetivo. Por un lado, presenta los fundamentos de la teoría y los resultados recientes más relevantes aplicados a los problemas de optimización combinatoria, dando al lector una visión global del estado del arte en este contexto. En segundo lugar, presenta una herramienta software, Landscape Explorer, que encapsula gran parte del conocimiento adquirido por los autores en teoría de landscapes. Esta herramienta pretende ser un primer punto de encuentro entre los investigadores interesados y la teoría. El diseño arquitectónico de la herramienta está pensado para su fácil extensión por parte de cualquier investigador de la comunidad científica.</subfield>
   </datafield>
   <datafield ind1="8" ind2=" " tag="024">
      <subfield code="a">http://hdl.handle.net/10630/8196</subfield>
   </datafield>
   <datafield tag="653" ind2=" " ind1=" ">
      <subfield code="a">Optimización combinatoria</subfield>
   </datafield>
   <datafield ind2="0" ind1="0" tag="245">
      <subfield code="a">Teoría de Landscapes en Optimización Combinatoria: Resultados Recientes y Herramienta Software</subfield>
   </datafield>
</record>
</metadata></record></GetRecord></OAI-PMH>